000
00323 a2200109 4500
001
ART_2225
005
20260410161724.0
008
260409a
245
1
0
_a
Contabilidad y auditoría
100
1
_a
García, Sergio O.
773
0
_t
Administración de empresas
_g
- Año XVIII, Nº 213 (dic. 1987)
_w
REV2036
999
_c
17198
_d
17198